| 000 | 00453nam a2200169Ia 4500 | ||
|---|---|---|---|
| 008 | 100122s9999 xx 000 0 und d | ||
| 082 |
_b66224 _a181.4 |
||
| 100 | _aOSHO RAJNEESH | ||
| 245 | _aOSHO MEDITATION SERIES : LIFE IS A GIFT | ||
| 260 |
_bFULL CIRCLE _c1997 |
||
| 300 | _a96 | ||
| 520 | _aLIFE | ||
| 620 | _aLIFE | ||
| 630 | _aOSHO MEDITATION SERIES : LIFE IS A GIFT | ||
| 730 | _aOSHO MEDITATION SERIES : LIFE IS A GIFT | ||
| 942 | _cBOOK | ||
| 999 |
_c380385 _d380382 |
||